Codes postaux par centaines : villes de la région Picardie - Statistiques

Statistiques générales
  • Ce quiz a été pris 46 fois
  • Le résultat moyen est 16 sur 27
Statistiques - réponses
Département Code postal Ville % Correct
Somme 80000 Amiens
97%
Oise 60000 Beauvais
95%
Aisne 02100 Saint-Quentin
92%
Aisne 02000 Laon
90%
Somme 80100 Abbeville
82%
Oise 60200 Compiègne
82%
Aisne 02200 Soissons
82%
Oise 60100 Creil
74%
Oise 60300 Senlis
64%
Aisne 02400 Château-Thierry
62%
Oise 60600 Clermont
59%
Somme 80200 Péronne
59%
Somme 80300 Albert
56%
Somme 80500 Montdidier
54%
Oise 60500 Chantilly
51%
Oise 60400 Noyon
51%
Somme 80400 Ham
46%
Somme 80700 Roye
46%
Aisne 02700 Tergnier
46%
Aisne 02300 Chauny
41%
Aisne 02500 Hirson
41%
Oise 60700 Pont-Sainte-Maxence
41%
Aisne 02600 Villers-Cotterêts
36%
Somme 80800 Corbie / Villers-Bretonneux
33%
Oise 60800 Crépy-en-Valois
33%
Somme 80600 Doullens
33%
Aisne 02800 La Fère / Beautor
18%
Aucun quiz correspondant
Distribution des résultats
% des personnes avec chaque résultat
Percentile par nombre de réponses
Votre historique - résultats
Vous n’avez pas pris ce quiz